书目信息 |
| 题名: |
列宁-斯大林的帝国主义论
|
|
| 作者: | 德伏尔金 著 ;大地 译 | |
| 分册: | ||
| 出版信息: | 作家书屋 1954 |
|
| 页数: | 122页 | |
| 开本: | 20cm | |
| 丛书名: | 马克思列宁主义思想学习译丛 | |
| 单 册: | ||
| 中图分类: | A82 | |
| 科图分类: | ||
| 主题词: | 列宁著作--学习 , 列宁著作研究 | |
| 电子资源: | ||
| ISBN: | ||
| 000 | 00693nam0 2200229 450 | |
| 001 | 0652936265 | |
| 005 | 20060719144459.34 | |
| 010 | @dCNY0.33 | |
| 100 | @a20060719d1954 km y0chiy0120 ea | |
| 101 | 0 | @achi@crus |
| 200 | 1 | @a列宁-斯大林的帝国主义论@Alie ning-si da lin de di guo zhu yi lun@f(苏)德伏尔金著@F(su)de fu er jin zhu@g大地译@Gda di yi |
| 210 | @c作家书屋@d1954 | |
| 215 | @a122页@d20cm | |
| 225 | 2 | @a马克思列宁主义思想学习译丛 |
| 410 | 0 | @12001 @a马克思列宁主义思想学习译丛 |
| 606 | 0 | @a列宁著作@x学习 |
| 606 | 0 | @a列宁著作研究 |
| 690 | @aA82@v3 | |
| 701 | 0 | @a德伏尔金@Ade fu er jin@4著 |
| 702 | 0 | @a大地@Ada di@4译 |
| 801 | 0 | @aCN@bPFT@c20060719 |
| 905 | @a10447@dA82@e25 | |
| 列宁-斯大林的帝国主义论/(苏)德伏尔金著/大地译.-作家书屋,1954 |
| 122页;20cm.-(马克思列宁主义思想学习译丛) |
| ISBN :CNY0.33 |
| ● |
| 相关链接 |
|
|
|
|
正题名:列宁-斯大林的帝国主义论
索取号:A82/25
 
预约/预借
| 序号 | 登录号 | 条形码 | 馆藏地/架位号 | 状态 | 备注 |
| 1 | 0424305 | 204243050 | 密集书库/ [索取号:A82/25] | 在馆 |